| 000 | 01248nam0a2200313 4500 | ||
|---|---|---|---|
| 001 | RU\NLR\bibl\1306996 | ||
| 005 | 20260405081851.0 | ||
| 010 |
_a978-5-17-044780-0 _bАСТ |
||
| 010 |
_a978-985-16-1582-3 _bХарвест _97000 |
||
| 021 |
_aRU _b2007-80804 |
||
| 035 | _a(NLR Aleph) 001292500 | ||
| 090 |
_a568199 _c568199 |
||
| 100 | _a20081212d2007 |||y0rusy50 ca | ||
| 101 | 0 | _arus | |
| 102 |
_aRU _aBY |
||
| 105 | _ay ||||||||| | ||
| 200 | 1 |
_aЛечение серебром _e[40 лучших проверенных на практике рецептов. Гарантии опытных специалистов _fавт.-сост. Смирнова Любовь] |
|
| 210 |
_aМосква _cАСТ _aМинск _cХарвест _d2007 |
||
| 215 |
_a61, [2] с. _d21 |
||
| 225 | 1 | _aСупераптека у вас дома | |
| 606 | 1 |
_aСеребро _jСправочники _xЛечебное применение _92231563 _3RU\NLR\auth\661339395 |
|
| 686 | _aР358.9я2 | ||
| 702 | 1 |
_4220 _8rus _7ca _aСмирнова _bЛ. _cпопуляризатор _gЛюбовь _3RU\NLR\AUTH\7728672 _911703 |
|
| 801 | 0 |
_aRU _bNLR _c20081212 _gRCR |
|
| 801 | 1 |
_aRU _bNLR _c20081212 |
|
| 942 | _cBOOK | ||
| 980 | _aNB | ||